00365nam a22001337a 450000500170000002000180001724500400003526000410007530000140011649000420013065000210017270000220019370000160021520251024101117.0 a9789814360623 aNon-equilibrium soft matter physics aSingapore:bWorld Scientific,c2012. axii,422p. aSeries in soft condensed matter Vol.4 aStates of matter aKomura, Shigeyuki aOhta, Takao